000 00624nam a22002057a 4500
005 20241010164313.0
010 _aENG-142077
020 _c595.00
_a9789393662217
035 _aEN-125609
037 _bDBAD
082 _a001.42
_24
100 _aSaha, Indranil
_972619
245 _aEssential of Biostatistics & Research Methodology/
_cBy Indranil Saha [and] Bobby Paul
250 _a4
260 _c2023
_bAcademic Publishers
_aKolkatta
270 _a5A Bhawani Dutta Lane
_bKolkatta
_e700073
300 _a444p.
_c24cm(hb)
700 _aPaul, Bobby
_eAuthor
_972618
942 _2ddc
_cEN
_h001.42
_mSAH
999 _c206282
_d206282